00383 2200133 4500245010300000020002200103250001100125100002300136005001900159260003500178041001400213084001300227336000900240 aDahsyatnya Al-Ashr b : Motivasi dan Inspirasi Kesuksesan Dunia AkhiratcSyafaat R. SelamethText a978-602-02-7593-2 aCet. 1 aSyafaat R. Selamet a20241018123926 aJakartabKompas Gramediac2015 aIndonesia a297.1226 atext